| 000 | 00393nam a22001577a 4500 | ||
|---|---|---|---|
| 999 |
_c2080 _d2080 |
||
| 008 | 200212b ||||| |||| 00| 0 eng d | ||
| 082 | 0 | 0 |
_a623.8203 _bV534 |
| 100 |
_91671 _aVerney, Michael. |
||
| 245 | 1 | 0 |
_aAmateur boat building _cby Michael Verney |
| 250 | _a2nd | ||
| 260 |
_aLondon _bJohn Murray _c1952 |
||
| 300 | _axiii,218p. | ||
| 365 | _d7.14 | ||
| 650 | 0 | _aBoat Building | |
| 942 | _cBK | ||